Inheritance tax (Record no. 107130)
[ view plain ]
| 000 -LEADER | |
|---|---|
| fixed length control field | 00972cab a22002655a 4500 |
| 001 - CONTROL NUMBER | |
| control field | L138331 |
| 008 - FIXED-LENGTH DATA ELEMENTS--GENERAL INFORMATION | |
| fixed length control field | 070530e2007 xxk f 000 0 eng d |
| 035 ## - SYSTEM CONTROL NUMBER | |
| System control number | (Sirsi) u138331 |
| 041 0# - LANGUAGE CODE | |
| Language code of text/sound track or separate title | eng |
| 100 1# - MAIN ENTRY--PERSONAL NAME | |
| Personal name | Picarda, Dominic |
| 245 00 - TITLE STATEMENT | |
| Title | Inheritance tax |
| 260 ## - PUBLICATION, DISTRIBUTION, ETC. | |
| Date of publication, distribution, etc. | 2007 |
| 490 #0 - SERIES STATEMENT | |
| Series statement | Investors Chronicle |
| Volume/sequential designation | 25-31 May 2007 supplement, 3-14(11) |
| 520 ## - SUMMARY, ETC. | |
| Summary, etc. | Discusses inheritance tax charges, and ways in which one can minimise the charges. Discusses the options of wills and trusts for passing property on, discretionary will trusts, assets that are exempt from inheritance tax and the taxation of overseas property. |
| 590 ## - LOCAL NOTE (RLIN) | |
| Local note | KA |
| 651 #4 - SUBJECT ADDED ENTRY--GEOGRAPHIC NAME | |
| Geographic name | United Kingdom |
| Chronological subdivision | |
| 690 ## - LOCAL SUBJECT ADDED ENTRY--TOPICAL TERM (OCLC, RLIN) | |
| Topical term or geographic name as entry element | PROPERTY-PROPERTY TAXATION |
| 690 ## - LOCAL SUBJECT ADDED ENTRY--TOPICAL TERM (OCLC, RLIN) | |
| Topical term or geographic name as entry element | PROPERTY-PROPERTY APPRAISAL AND VALUATION-INHERITANCE VALUATION |
| 700 1# - ADDED ENTRY--PERSONAL NAME | |
| Personal name | Lagerberg, Francesca |
| 700 1# - ADDED ENTRY--PERSONAL NAME | |
| Personal name | Dronfield, Racheal |
| 700 1# - ADDED ENTRY--PERSONAL NAME | |
| Personal name | Bolitho, Nigel |
| 700 1# - ADDED ENTRY--PERSONAL NAME | |
| Personal name | McLeod, John |
| 700 1# - ADDED ENTRY--PERSONAL NAME | |
| Personal name | Franks, David |
| 942 ## - ADDED ENTRY ELEMENTS (KOHA) | |
| Suppress in OPAC | 0 |
| Withdrawn status | Lost status | Source of classification or shelving scheme | Damaged status | Not for loan | Home library | Current library | Shelving location | Date acquired | Total Checkouts | Full call number | Barcode | Date last seen | Copy number | Price effective from | Koha item type |
|---|---|---|---|---|---|---|---|---|---|---|---|---|---|---|---|
| Dewey Decimal Classification | London | London | Journal article | 30/05/2007 | L138331 | 138331-1001 | 06/08/2019 | 1 | 06/08/2019 | Journal article |